Dr. S. R. Lasker Library Online Catalogue

Home      Library Home      Institutional Repository      E-Resources      MyAthens      EWU Home

Records management for museums and galleries : (Record no. 644)

MARC details
000 -LEADER
fixed length control field 01934cam a2200385 a 4500
001 - CONTROL NUMBER
control field 644
003 - CONTROL NUMBER IDENTIFIER
control field BD-DhEWU
005 - DATE AND TIME OF LATEST TRANSACTION
control field 20160831134918.0
008 - FIXED-LENGTH DATA ELEMENTS--GENERAL INFORMATION
fixed length control field 160831s2012 enka g b 001 0 eng d
020 ## - INTERNATIONAL STANDARD BOOK NUMBER
International Standard Book Number 9781843346371 (pbk.)
International Standard Book Number 1843346370
035 ## - SYSTEM CONTROL NUMBER
System control number (OCLC)793985562
040 ## - CATALOGING SOURCE
Original cataloging agency DLC
Transcribing agency DLC
Language of cataloging eng
Modifying agency BD-DhEWU
041 ## - LANGUAGE CODE
Language code of text/sound track or separate title eng
050 00 - LIBRARY OF CONGRESS CALL NUMBER
Classification number AM139
Item number .B78 2012
082 04 - DEWEY DECIMAL CLASSIFICATION NUMBER
Classification number 069.52
Edition number 23
Item number BRR 2012
100 1# - MAIN ENTRY--PERSONAL NAME
Personal name Brunskill, Charlotte.
9 (RLIN) 20520
245 10 - TITLE STATEMENT
Title Records management for museums and galleries :
Remainder of title an introduction /
Statement of responsibility, etc Charlotte Brunskill and Sarah R. Demb.
260 ## - PUBLICATION, DISTRIBUTION, ETC. (IMPRINT)
Place of publication, distribution, etc Oxford :
Name of publisher, distributor, etc Chandos,
Date of publication, distribution, etc 2012.
300 ## - PHYSICAL DESCRIPTION
Extent xviii, 259 p. :
Other physical details ill. tables, ;
Dimensions 24 cm.
490 1# - SERIES STATEMENT
Series statement Chandos Information Professional Series.
504 ## - BIBLIOGRAPHY, ETC. NOTE
Bibliography, etc Includes bibliographical references (p. 249-250) and index.
505 ## - FORMATTED CONTENTS NOTE
Title TOC
Formatted contents note The history of record keeping in the UK museum and gallery sector; Records management basics; Making a business case for records management; Legislation and records management requirements; The records survey; Strategy and action planning; Developing a file plan, retention schedule and records management programme; Resources; Appendices: policies, forms and checklists.
520 ## - SUMMARY, ETC.
Summary, etc "Offers a comprehensive overview of records management work within the heritage sector and draws on over a decade of experience in applying fundamental principles and practices to the specific cirumstances of museums." BOOK JACKET.
526 ## - STUDY PROGRAM INFORMATION NOTE
Program name DIS
590 ## - LOCAL NOTE (RLIN)
Local note Sagar Shahanawaz
650 #0 - SUBJECT ADDED ENTRY--TOPICAL TERM
Topical term or geographic name as entry element Public records.
9 (RLIN) 20521
Topical term or geographic name as entry element Business records
General subdivision Management.
9 (RLIN) 20522
Topical term or geographic name as entry element Archives.
9 (RLIN) 20523
700 1# - ADDED ENTRY--PERSONAL NAME
Personal name Demb, Sarah R.
9 (RLIN) 20524
830 #0 - SERIES ADDED ENTRY--UNIFORM TITLE
Uniform title Chandos information professional series.
9 (RLIN) 2296
856 42 - ELECTRONIC LOCATION AND ACCESS
Materials specified WorldCat details
Uniform Resource Identifier https://www.worldcat.org/title/records-management-for-museums-and-galleries-an-introduction/oclc/793985562&referer=brief_results
942 ## - ADDED ENTRY ELEMENTS (KOHA)
Source of classification or shelving scheme Dewey Decimal Classification
Koha item type Text
Holdings
Withdrawn status Lost status Source of classification or shelving scheme Damaged status Not for loan Collection code Home library Current library Shelving location Date acquired Source of acquisition Cost, normal purchase price Total Checkouts Full call number Barcode Date last seen Copy number Price effective from Koha item type
    Dewey Decimal Classification   Not For Loan Non-fiction Dr. S. R. Lasker Library, EWU Dr. S. R. Lasker Library, EWU Reserve Section 18/08/2016 Trim Education 6018.00   069.52 BRR 2012 27572 31/08/2016 C-1 31/08/2016 Text